<?xml version="1.0" encoding="UTF-8"?><?xml-stylesheet type="text/xsl" href="static/style.xsl"?><OAI-PMH xmlns="http://www.openarchives.org/OAI/2.0/" xmlns:xsi="http://www.w3.org/2001/XMLSchema-instance" xsi:schemaLocation="http://www.openarchives.org/OAI/2.0/ http://www.openarchives.org/OAI/2.0/OAI-PMH.xsd"><responseDate>2026-06-07T23:41:30Z</responseDate><request verb="GetRecord" identifier="oai:docta.ucm.es:20.500.14352/128841" metadataPrefix="marc">https://docta.ucm.es/rest/oai/request</request><GetRecord><record><header><identifier>oai:docta.ucm.es:20.500.14352/128841</identifier><datestamp>2025-12-13T01:01:36Z</datestamp><setSpec>com_20.500.14352_14</setSpec><setSpec>col_20.500.14352_15</setSpec></header><metadata><record xmlns="http://www.loc.gov/MARC21/slim" xmlns:dcterms="http://purl.org/dc/terms/" xmlns:xsi="http://www.w3.org/2001/XMLSchema-instance" xmlns:doc="http://www.lyncode.com/xoai" xsi:schemaLocation="http://www.loc.gov/MARC21/slim http://www.loc.gov/standards/marcxml/schema/MARC21slim.xsd">
   <leader>00925njm 22002777a 4500</leader>
   <datafield ind2=" " ind1=" " tag="042">
      <subfield code="a">dc</subfield>
   </datafield>
   <datafield ind2=" " ind1=" " tag="720">
      <subfield code="a">Coronado Martín, Pluvio Jesús</subfield>
      <subfield code="e">author</subfield>
   </datafield>
   <datafield ind2=" " ind1=" " tag="720">
      <subfield code="a">Monroy, Manuel</subfield>
      <subfield code="e">author</subfield>
   </datafield>
   <datafield ind2=" " ind1=" " tag="720">
      <subfield code="a">Fasero, María</subfield>
      <subfield code="e">author</subfield>
   </datafield>
   <datafield ind2=" " ind1=" " tag="720">
      <subfield code="a">Sánchez-Borrego, Rafael</subfield>
      <subfield code="e">author</subfield>
   </datafield>
   <datafield ind2=" " ind1=" " tag="720">
      <subfield code="a">Palacios, Santiago</subfield>
      <subfield code="e">author</subfield>
   </datafield>
   <datafield ind2=" " ind1=" " tag="720">
      <subfield code="a">Rejas, Javier</subfield>
      <subfield code="e">author</subfield>
   </datafield>
   <datafield ind2=" " ind1=" " tag="720">
      <subfield code="a">Ruiz, Miguel A</subfield>
      <subfield code="e">author</subfield>
   </datafield>
   <datafield ind2=" " ind1=" " tag="260">
      <subfield code="c">2021-04-21</subfield>
   </datafield>
   <datafield ind2=" " ind1=" " tag="520">
      <subfield code="a">Objectives: To develop the population-based norms for the Cervantes-SF scale, which measures the impact of menopause on the health-related quality of life (HRQOL) of women in Spain.

Methods: We used a sample obtained from representative studies of the Spanish population according to geographic density and autonomous community. This sample was composed of 5,237 non- institutionalized peri- and post-menopausal women, aged 40-75 years. Measures of central tendency, dispersion and percentiles were calculated for the total score and its dimensions, in 11 three-year age categories. Construct validity was analyzed based on a comparison with known groups to confirm the validity of the normative scales.

Results: The norms show a monotonic gradient, with an incremental impact on HRQOL as age increases, as shown by an increase in the total score and each of the dimensions. Fifty percent of women showed that peri-/post-menopausal symptomatology interfered with HRQOL > 39 %, ranging from 25 % (40-44 years) to 47 % (72-75 years). The population norms showed significant differences between groups according to generic HRQOL, number of comorbidities, history of osteoporotic fracture, educational level, and presence of obesity.

Conclusions: These results support the validity of the population-based norms for the Cervantes-SF scale, a valid instrument for measuring the impact of menopause on HRQOL in Spain. The norms obtained facilitate the interpretation of these scores in clinical practice, research, and health management.</subfield>
   </datafield>
   <datafield ind1="8" ind2=" " tag="024">
      <subfield code="a">Coronado PJ, Monroy M, Fasero M, Sánchez-Borrego R, Palacios S, Rejas J, Ruiz MA; AEEM collaborative group for the study of psychometric validation of the Cervantes Short-Form. Population-based norms for the Cervantes-SF short-form questionnaire assessing health-related quality of life in menopause. Maturitas. 2021 Apr;146:34-41. doi: 10.1016/j.maturitas.2021.01.004. Epub 2021 Jan 30. PMID: 33722362.</subfield>
   </datafield>
   <datafield ind1="8" ind2=" " tag="024">
      <subfield code="a">10.1016/j.maturitas.2021.01.004</subfield>
   </datafield>
   <datafield ind1="8" ind2=" " tag="024">
      <subfield code="a">https://hdl.handle.net/20.500.14352/128841</subfield>
   </datafield>
   <datafield ind1="8" ind2=" " tag="024">
      <subfield code="a">https://doi.org/10.1016/J.MATURITAS.2021.01.004</subfield>
   </datafield>
   <datafield ind1="8" ind2=" " tag="024">
      <subfield code="a">33722362</subfield>
   </datafield>
   <datafield ind1="8" ind2=" " tag="024">
      <subfield code="a">https://www.sciencedirect.com/science/article/pii/S0378512221000049?via%3Dihub</subfield>
   </datafield>
   <datafield ind2="0" ind1="0" tag="245">
      <subfield code="a">Population-based norms for the Cervantes-SF short-form questionnaire assessing health-related quality of life in menopause</subfield>
   </datafield>
</record></metadata></record></GetRecord></OAI-PMH>